00379nam a2200097 a 4500008004100000050002100041100002200062245008300084246010500167350000900272120416s9999 xx |||||||||||||| || u aCBUEXT(02)2004/1 aHamwela, Virginia10aReport on an international training programme (ITP) on information stimulate 4 ascientific and technological information management in universities and libraries (edition 4) held i a0.00